00531nam a2200145Ia 4500008004100000245015400041260001700195260000900212300000800221650002300229650001200252856002900264999001900293952007300312170516s9999 xx 000 0 und d aKinetic Analysis of Dynamic 11C-Acetate PET/CT Imaging as a Potential Method for Differentiation of Hepatocellular Carcinoma and Benign Liver Lesions bTheranostics c2015 a5:4 xMedical Technology xMedtech uhttp://www.thno.org/v5i4 c330413d330413 001040aCLbCLd2017-05-16l0r2017-05-16 00:00:00w2017-05-16yFOJ